All Thumbs Quiz Stats

Quiz Updated Jun 3, 2015

Also try: Hand Drawn Movies
Challenge
Share
Tweet
Score 0/20 Timer 04:00
3 Plays Today
Clue Answer % Correct
Trait of a good gardenerGreen thumb
90.8%
Item found on a bulletin boardThumb tack
88.9%
Gesture of approvalTwo thumbs up
84.9%
Reduced image on a computer screenThumbnail
83.3%
Favorite activity for toddlersThumbsucking
75.7%
General principleRule of thumb
74.6%
Trait of a bad gardenerBrown thumb
73.6%
Successor to the floppy diskThumb drive
67.8%
Something to do when you're boredTwiddle your thumbs
64.6%
Fairy tale by Hans Christian Andersen Thumbelina
61.3%
Clue Answer % Correct
Diminutive figure of English folkloreTom Thumb
60.8%
Feature of primatesOpposable thumbs
58.7%
Subordinate toUnder one's thumb
43.6%
HitchhikeThumb a ride
39.6%
Shakespearean insultBite one's thumb
38.4%
To be obvious or conspicuousStick out like a sore thumb
35%
Expression of defianceThumb one's nose
28.7%
1999 parody short film subtitled
'The Phantom Cuticle'
Thumb Wars
22.1%
Shortbread treat filled with jamThumbprint cookies
16.2%
Condition caused by too much
video-game playing
Nintendo thumb
14.5%

You're not logged in!

Compare scores with friends on all Sporcle quizzes.
Join for Free
OR
Log In

You Might Also Like...

Show Comments

Extras

Top Quizzes Today


Score Distribution

Your Account Isn't Verified!

In order to create a playlist on Sporcle, you need to verify the email address you used during registration. Go to your Sporcle Settings to finish the process.

Report this User

Report this user for behavior that violates our Community Guidelines.

Details: